000 00763nam a22002297a 4500
999 _c445
_d445
003 AR-CdUCM
008 190223b ||||| |||| 00| 0 spa d
020 _a9789972663581
040 _aMUNICIPALIDAD PROVINCIAL DEL CUSCO
_cBIBLIOTECA MUNICIPAL DEL CUSCO
082 _22ed.
_a985.01 /
_bV25
100 _aValcárcel, Luis E.
_9628
245 _aMachu Picchu /
260 _aLima :
_bFCE ,
_c2009.
300 _a158 páginas ;
_bfotografías.
_c21 cm.
505 _aEl imperio incaico -- Machupicchu -- El valle de Urubamba -- Los incas de Vilcabamba -- Montañas y ríos...
650 _aMachupicchu.
_91751
650 _aVilcabamba.
_91752
650 _aUrubamba.
_91753
650 _aLuis E. Valcarcel
_91754
942 _2ddc
_cLIBROS
945 _awfj
_d2019-02-23